The China factor : (Record no. 42181)
[ view plain ]
| 000 -LEADER | |
|---|---|
| fixed length control field | 02009nam a2200349 a 4500 |
| 001 - CONTROL NUMBER | |
| control field | 42181 |
| 003 - CONTROL NUMBER IDENTIFIER | |
| rucl marc code | BD-RjUL |
| 005 - DATE AND TIME OF LATEST TRANSACTION | |
| control field | 20211209053514.0 |
| 008 - FIXED-LENGTH DATA ELEMENTS--GENERAL INFORMATION | |
| fixed length control field | 160611s1981 njua b 101 0 eng d |
| 020 ## - INTERNATIONAL STANDARD BOOK NUMBER | |
| International Standard Book Number | 0131327046 |
| International Standard Book Number | 0131326961 (pbk.) |
| 035 ## - SYSTEM CONTROL NUMBER | |
| System control number | (BD-RjUL)42299 |
| 040 ## - CATALOGING SOURCE | |
| Original cataloging agency | BD-RjUL |
| Language of cataloging | eng |
| Transcribing agency | BD-RjUL |
| Modifying agency | BD-RjUL |
| 041 ## - LANGUAGE CODE | |
| Language code of text/sound track or separate title | eng |
| 082 ## - DEWEY DECIMAL CLASSIFICATION NUMBER | |
| Classification number | 327.51 |
| Edition number | 23 |
| Author mark and year | CHI 1981 |
| 245 04 - TITLE STATEMENT | |
| Title | The China factor : |
| Remainder of title | Sino-American relations and the global scene |
| 260 ## - PUBLICATION, DISTRIBUTION, ETC. (IMPRINT) | |
| Place of publication, distribution, etc. | Englewood Cliffs, N.J : |
| Name of publisher, distributor, etc. | Prentice-Hall, |
| Date of publication, distribution, etc. | c1981 |
| 300 ## - PHYSICAL DESCRIPTION | |
| Pagination | viii, 323 p. : |
| Illustrations | ill. ; |
| Size | 21 cm. |
| 500 ## - GENERAL NOTE | |
| General note | At head of title: The American Assembly, Columbia University and Council on Foreign Relations Inc |
| General note | "Richard H. Solomon was ... director and editor of this undertaking."--P. vii |
| General note | "A Spectrum book." |
| General note | Includes index |
| 504 ## - BIBLIOGRAPHY, ETC. NOTE | |
| Bibliography, etc | Bibliography: p. 315-316 |
| 505 0# - FORMATTED CONTENTS NOTE | |
| Formatted contents note | The China factor in America's foreign relations : perceptions and policy choices / Richard H. Solomon -- The dynamics of the Sino-American relationship / Michel Oksenberg -- The strategic dimension of the Sino-American relationship : enemy of our enemy, or true friend? / Strobe Talbott -- The international consequences of China's economic development / Dwight H. Perkins -- The Sino-Soviet conflict : dilemmas of the strategic triangle / William G. Hyland -- China and Europe : "weak and far away" / William E. Griffith -- China and northeast Asia / Robert A. Scalapino -- The China factor in southeast Asia / Lucian W. Pye -- China and the third world : from revolution to containment / Harry Harding -- Appendixes : ke |
| 651 #0 - SUBJECT ADDED ENTRY--GEOGRAPHIC NAME | |
| Geographic name | China |
| General subdivision | Foreign relations |
| Chronological subdivision | 1976- |
| Form subdivision | Congresses |
| 9 (RLIN) | 129723 |
| Geographic name | China |
| General subdivision | Foreign relations |
| Geographic subdivision | United States |
| General subdivision | Congresses |
| 9 (RLIN) | 129724 |
| Geographic name | United States |
| General subdivision | Foreign relations |
| Geographic subdivision | China |
| General subdivision | Congresses |
| 9 (RLIN) | 129725 |
| 700 1# - ADDED ENTRY--PERSONAL NAME | |
| Personal name | Solomon, Richard H., |
| Dates associated with a name | 1937- |
| 710 2# - ADDED ENTRY--CORPORATE NAME | |
| Corporate name or jurisdiction name as entry element | American Assembly. |
| 9 (RLIN) | 129727 |
| Corporate name or jurisdiction name as entry element | Council on Foreign Relations. |
| 9 (RLIN) | 129728 |
| 942 ## - ADDED ENTRY ELEMENTS (KOHA) | |
| Source of classification or shelving scheme | Dewey Decimal Classification |
| Koha item type | Books |
| Lost status | Source of classification or shelving scheme | Damaged status | Not for loan | Collection code | Permanent Location | Current Location | Shelving location | Date acquired | Total Checkouts | Full call number | Date last seen | Copy number | Koha item type |
|---|---|---|---|---|---|---|---|---|---|---|---|---|---|
| Dewey Decimal Classification | Non-fiction | Central Library, University of Rajshahi | Central Library, University of Rajshahi | 03/02/1993 | 327.51 CHI 1981 | 11/06/2016 | C-2 | Books |